000 00645nam a2200193Ia 4500
003 GCL
008 140319s9999 xx 000 0 ara d
040 _aGCL /
_cGCL
082 0 4 _aق
_b932
_bج م
100 1 _aنجيب ميخائيل ابراهيم
245 1 0 _aمصر الفرعونية (هدية من الاديب عبدالفتاح الجمل) /
_cنجيب ميخائيل ابراهيم
700 1 _aعبدالمنعم ابوبكر
700 1 _aجاردنر، الن
490 _a
650 0 4 _aمصر القديمة
650 0 4 _aالحضارة الفرعونية
650 0 4 _aالمصريون القدماء
942 _2ddc
_cBK
999 _c38296
_d38296